| 000 | 01513nam a2200433 a 4500 | ||
|---|---|---|---|
| 001 | 20239 | ||
| 003 | VRT | ||
| 005 | 20260120103805.0 | ||
| 008 | 181127s1957 xo 000 slo | ||
| 015 | _aSKSNBA1957/08-01153 | ||
| 035 | _aSK01SNK19570015070 | ||
| 035 | _aSKM000017533 | ||
| 039 | 9 |
_a202201280953 _bmsnk162 _c202109232003 _dAUTHORITY _c201905311513 _dAUTHORITY _c201811270837 _dVLOAD |
|
| 040 |
_aSNK _bslo _cSNK _eAACR2 |
||
| 041 | 1 | _aslo | |
| 044 |
_axo _cSK |
||
| 080 |
_a638.1(075.3) _21981 |
||
| 100 | 1 |
_aJanota, Dušan Metod, _d1922-1997 _4aut |
|
| 245 | 1 | 0 |
_aVčelárstvo _bučebný text pre poľnohosp. techn. a majstrovské školy _cDušan Janota |
| 250 | _a2. preprac. a dopl. vyd. | ||
| 260 |
_aBratislava _bSlovenské vydavateľstvo pôdohospodárskej literatúry _c1957 _eTrnava _fPolygrafické závody |
||
| 300 |
_a84, [2] s. _c8° |
||
| 490 | 1 |
_aUčebnice _vzv. 152 |
|
| 500 | _aIlustr. | ||
| 500 | _aÚvod. pozn. nap. Libuša Březinová | ||
| 563 | _a4300 výtl. | ||
| 650 | 0 | 7 |
_avčelárstvo _2SNKPH |
| 655 | 7 |
_aučebnice _2SNKPH |
|
| 700 | 1 |
_aBřezinová, Libuše _4aui |
|
| 830 | 0 | _aUčebnice | |
| 910 | _akis3gmm | ||
| 910 | _abpksh | ||
| 942 |
_2ddc _cOLDO _n0 |
||
| 949 |
_617A0512330 _asnkSD 13856 _bsnkKSP 2249/57 |
||
| 949 |
_63869A11980 _abpksh638.1 _bbpksh18362 |
||
| 949 |
_6273K0387361 _asvkpoA 21071 _bsvkpo49778 |
||
| 999 |
_c20239 _d20239 |
||